000 05509nam a22006257a 4500
005 20080605124127.0
008 080605t xxu||||| |||| 00| 0 eng d
010 _aB-263544-576
020 _a0755458052
_c135.00
035 _aB-263544-576
037 _a562
_bStar Book Point/4.5.08/4/8.4.08/19.5.08/135.00/
040 _aDPL
_bEN
082 _a720
245 _aMega structures:
_ba collection of record-breaking dams, buildings, tunnels, bridges, vehicles and much nore!
260 _aBath
_bRobert Frederick
_c2006
260 _aDelhi
_bStar Book Point (Vendor)
_c2006
270 _a4 North Parade
_bBath BA1 1LF UK
270 _aDelhi
_bG/146 Geeta Colony
_e110031
300 _a45p.
_bcol. photos
_c27 cm (Hb)
942 _2ddc
_cCH
_h720
_mMEG
999 _c13310
_d13310